<?xml version="1.0" encoding="UTF-8"?>
<record
    xmlns:xsi="http://www.w3.org/2001/XMLSchema-instance"
    xsi:schemaLocation="http://www.loc.gov/MARC21/slim http://www.loc.gov/standards/marcxml/schema/MARC21slim.xsd"
    xmlns="http://www.loc.gov/MARC21/slim">

  <leader>01370nam a2200289 a 4500</leader>
  <controlfield tag="001">000000131</controlfield>
  <controlfield tag="003">DO-SdBPM</controlfield>
  <controlfield tag="005">20260206121852.0</controlfield>
  <controlfield tag="008">090122s2000    dr a          000 0 spa d</controlfield>
  <datafield tag="020" ind1=" " ind2=" ">
    <subfield code="a">9993425044</subfield>
  </datafield>
  <datafield tag="040" ind1=" " ind2=" ">
    <subfield code="a">DO-SdBPM</subfield>
    <subfield code="b">spa</subfield>
    <subfield code="c">BPMSU</subfield>
  </datafield>
  <datafield tag="082" ind1=" " ind2="4">
    <subfield code="a">302.2</subfield>
    <subfield code="b">B142c 2000</subfield>
    <subfield code="2">22</subfield>
  </datafield>
  <datafield tag="100" ind1="1" ind2=" ">
    <subfield code="a">B&#xE1;ez Evertsz, Carlos J.</subfield>
    <subfield code="4">aut. </subfield>
    <subfield code="e">autor </subfield>
  </datafield>
  <datafield tag="245" ind1="1" ind2="3">
    <subfield code="a">La comunicaci&#xF3;n efectiva /</subfield>
    <subfield code="c">Carlos J. B&#xE1;ez Evertsz.</subfield>
  </datafield>
  <datafield tag="264" ind1=" " ind2=" ">
    <subfield code="a">Santo Domingo :</subfield>
    <subfield code="b">INTEC ,</subfield>
    <subfield code="c">2000.</subfield>
  </datafield>
  <datafield tag="300" ind1=" " ind2=" ">
    <subfield code="a">xviii, 280 p&#xE1;ginas :</subfield>
    <subfield code="b">ilustraciones . ;</subfield>
    <subfield code="c">20 cm.</subfield>
  </datafield>
  <datafield tag="336" ind1=" " ind2=" ">
    <subfield code="a">texto</subfield>
    <subfield code="b">txt</subfield>
    <subfield code="2">rdacontent</subfield>
  </datafield>
  <datafield tag="337" ind1=" " ind2=" ">
    <subfield code="a">sin  mediaci&#xF3;n </subfield>
    <subfield code="b">n</subfield>
    <subfield code="2">reamedia </subfield>
  </datafield>
  <datafield tag="338" ind1=" " ind2=" ">
    <subfield code="a">volumen </subfield>
    <subfield code="b">nc</subfield>
    <subfield code="2">rdacarrier </subfield>
  </datafield>
  <datafield tag="505" ind1="1" ind2=" ">
    <subfield code="t">Introducci&#xF3;n --</subfield>
    <subfield code="g">1.</subfield>
    <subfield code="t">El estudio cient&#xED;fico de la comunicaci&#xF3;n --</subfield>
    <subfield code="g">2.</subfield>
    <subfield code="t">Breve historia sobre los estudios de comunicaci&#xF3;n --</subfield>
    <subfield code="g">3.</subfield>
    <subfield code="t">La opini&#xF3;n p&#xFA;blica, el clima de opini&#xF3;n y los creadores de opini&#xF3;n --</subfield>
    <subfield code="g">4.</subfield>
    <subfield code="t">La comunicaci&#xF3;n p&#xFA;blica --</subfield>
    <subfield code="g">5.</subfield>
    <subfield code="t">La comunicaci&#xF3;n pol&#xED;tica --</subfield>
    <subfield code="g">6.</subfield>
    <subfield code="t">Organizaci&#xF3;n y funcionamiento de los departamentos de comunicaci&#xF3;n y los gabinetes de prensa --</subfield>
    <subfield code="t">El portavoz --</subfield>
    <subfield code="t">Campa&#xF1;as t&#xE9;cnicas de comunicaci&#xF3;n --</subfield>
    <subfield code="t">Bibliograf&#xED;a.</subfield>
  </datafield>
  <datafield tag="590" ind1=" " ind2=" ">
    <subfield code="a">Inventariado, 2026/VM</subfield>
  </datafield>
  <datafield tag="650" ind1=" " ind2="7">
    <subfield code="a">Comunicaci&#xF3;n </subfield>
    <subfield code="x"> Aspectos sociales</subfield>
  </datafield>
  <datafield tag="650" ind1=" " ind2="7">
    <subfield code="a">Opini&#xF3;n p&#xFA;blica</subfield>
  </datafield>
  <datafield tag="710" ind1="2" ind2=" ">
    <subfield code="a">Instituto Tecnol&#xF3;gico de Santo Domingo</subfield>
  </datafield>
  <datafield tag="910" ind1=" " ind2=" ">
    <subfield code="a">VMateo V.  Control de calidad.BPMSU </subfield>
  </datafield>
  <datafield tag="942" ind1=" " ind2=" ">
    <subfield code="2">ddc</subfield>
    <subfield code="c">BK</subfield>
  </datafield>
  <datafield tag="952" ind1=" " ind2=" ">
    <subfield code="0">0</subfield>
    <subfield code="1">0</subfield>
    <subfield code="2">ddc</subfield>
    <subfield code="7">0</subfield>
    <subfield code="8">CD</subfield>
    <subfield code="a">BPMET</subfield>
    <subfield code="b">BPMET</subfield>
    <subfield code="d">2015-08-10</subfield>
    <subfield code="l">0</subfield>
    <subfield code="o">BPMSU CD 302.2 B142c 2000</subfield>
    <subfield code="p">BPMSU15080258</subfield>
    <subfield code="r">2015-08-10</subfield>
    <subfield code="w">2015-08-10</subfield>
    <subfield code="y">BK</subfield>
  </datafield>
  <datafield tag="952" ind1=" " ind2=" ">
    <subfield code="0">0</subfield>
    <subfield code="1">0</subfield>
    <subfield code="2">ddc</subfield>
    <subfield code="7">0</subfield>
    <subfield code="8">CD</subfield>
    <subfield code="a">BPMET</subfield>
    <subfield code="b">BPMET</subfield>
    <subfield code="d">2017-11-10</subfield>
    <subfield code="l">0</subfield>
    <subfield code="p">BPMSU17110136</subfield>
    <subfield code="r">2017-11-10</subfield>
    <subfield code="t">e. 2</subfield>
    <subfield code="w">2017-11-10</subfield>
    <subfield code="y">BK</subfield>
  </datafield>
  <datafield tag="999" ind1=" " ind2=" ">
    <subfield code="c">8151</subfield>
    <subfield code="d">8151</subfield>
  </datafield>
</record>
